00731nam a2200205 i 450000100060000000300090000600500170001500700030003200800410003502000180007610000370009424500660013126000370019730000620023449000490029650000520034571000460039783000490044385200330049299612ES-MaACL20230906182527.0t|050913s1972 sp ||||1| spa d a84-217-5716-41 aMartínez Bande, José Manuel.13aEl final del frente norte / cJosé Manuel Martínez Bande. aMadrid : bSan Martín, c1972. a313 p., 11 lám.,13 map. pleg., 2 plan. pleg. ; c24 cm.1 aMonografías de la Guerra de España ; v8 3Precede al tít.: Servicio Histórico Militar1 aEspaña. bServicio Histórico Militar.0 aMonografías de la Guerra de España ; v8 aES-MaACLjC-48921 bR.84158